Couples therapy, a nontraditional approach /

Bibliographic Details
Main Author: Wile, Daniel B.
Format: Book
Language:English
Published: New York : Wiley, [1981]
Subjects:

MARC

Tag First Indicator Second Indicator Subfields
LEADER 00000pam a2200000 a 4500
001 in00000073640
005 20151008053536.0
008 810310s1981 nyu b 00110 eng
010 |a  81004958  
020 |a 0471078115 
035 |a (OCoLC)07284101 
035 |9 AAH7780AM 
039 0 |a 2  |b 3  |c 3  |d 3  |e 3 
040 |a DLC  |c DLC  |d TXA  |d UtOrBLW 
049 |a TXAM  |c [386964] 
050 0 0 |a RC488.5  |b .W55 
060 0 |a WM 55 W676c 
082 0 |a 616.89/156  |2 19 
100 1 |a Wile, Daniel B. 
245 1 0 |a Couples therapy, a nontraditional approach /  |c Daniel B. Wile. 
264 1 |a New York :  |b Wiley,  |c [1981] 
264 4 |c ©1981 
300 |a xviii, 229 pages ;  |c 24 cm. 
336 |a text  |b txt  |2 rdacontent 
337 |a unmediated  |b n  |2 rdamedia 
338 |a volume  |b nc  |2 rdacarrier 
500 |a "A Wiley-Interscience publication." 
500 |a Includes index. 
504 |a Bibliography: pages 213-219. 
650 0 |a Marital psychotherapy. 
650 2 |a Marital Therapy. 
999 |a MARS 
999 f f |s 1c9dcb00-dcad-34ab-a0b8-783af7d56ca0  |i 4cec3487-eec5-37c8-8681-8903987e5cd4  |t 0 
952 f f |p ric  |a Texas A&M University  |b Rellis Campus  |c Joint Library Facility  |d Remote Storage  |t 0  |e RC488.5 .W55  |h Library of Congress classification  |i unmediated -- volume  |m A14806230074 
998 f f |a RC488.5 .W55  |t 0  |l Remote Storage